| 000 | 01132nam a22003497a 4500 | ||
|---|---|---|---|
| 003 | CHAP | ||
| 005 | 20220329133348.0 | ||
| 008 | 971013s1992 r 00010 d | ||
| 010 | _a5470 | ||
| 011 | _a6442 | ||
| 035 | _a5662 | ||
| 040 | _cCHAP | ||
| 090 | _aTesis | ||
| 100 | 0 | 0 |
_aEspinosa Osornio, María Guadalupe. _937976 |
| 245 | _aAnatomía del desarrollo de la semilla de Hippocratea celastroides | ||
| 260 |
_aChapingo, Méx. : _bEl autor, _c1992 |
||
| 300 |
_a69 h. _b: ilus. |
||
| 500 | _a58-2 | ||
| 502 | _aTesis (M.C. Esp. en Botánica) -- C.P. Centro de Botánica | ||
| 590 |
_aALEPH _b10 _c20130110 _lUCH01 _h1215 |
||
| 590 |
_aBATCH-UPD _b10 _c20130110 _lUCH01 _h1759 |
||
| 590 |
_aBATCH-UPD _b10 _c20130410 _lUCH01 _h1135 |
||
| 590 |
_aBATCH-UPD _b10 _c20130914 _lUCH01 _h0907 |
||
| 590 |
_aCONVERSION _b10 _c20130109 _lUCH01 _h1304 |
||
| 650 | 1 | 4 |
_aÁrboles _xAnatomia y fisiologia. _96569 |
| 650 | 1 | 4 |
_aCelastraceae. _920888 |
| 650 | 1 | 4 |
_aHippocratea celastroides. _955561 |
| 901 | _aBK | ||
| 942 | _cFOLL | ||
| 949 |
_bBC _cTES _d-15250 _eTS1 _h24719 _i5662 _si |
||
| 949 |
_bBC _cTES _d-75329 _eTS2 _fc.2 _h24720 _i5662 _si |
||
| 999 |
_c5470 _d5470 |
||